Бюджет за приходите и разходите на Шуменския окръг за 1908 година (Запис номер 160244)
[ съкратено ]
| 000 -Лидер | |
|---|---|
| Контролно поле с фиксирана дължина | 00788nam a2200241 c 4500 |
| 003 - Код на организацията, давaща контролен номер | |
| Контролно поле | BLK |
| 005 - Дата и час на последна редакция | |
| Контролно поле | 20180425160710.0 |
| 008 - Елементи от данни с фиксирана дължина | |
| fixed length control field | 180410b bul|||||r ||||||| ||bul|| |
| 010 ## - Наследен системен номер | |
| LC control number | KNG00167450000 |
| 040 ## - Източник на каталожния запис | |
| Идентификатор на билиотеката - собственик на записа | BLK |
| 041 ## - Код за език | |
| Код за езика на текст/звукозапис или на отделно заглавие | Български |
| Код за езика КДБФ | Български |
| 080 ## - УДК | |
| Текстов определител УДК | Бюджетни приходи и разходи |
| УДК код - определител по УДК | 336.127 |
| УДК определител | (497.217) |
| 080 ## - УДК | |
| Текстов определител УДК | Икономическо положение. Конюнктура. Стопанска структура - Развитие. Икономически растеж . Вж и 330.33/.36 |
| УДК код - определител по УДК | 338.1 |
| УДК определител | (497.217) |
| 110 1# - Редна дума - колетивен орган | |
| Редна дума - наименование на организация или юридическо лице | Окръжна постоянна комис. Шумен |
| 9 (RLIN) | 334817 |
| 139 ## - Редно поле | |
| Редна дума | Окръжна постоянна комис. Шумен |
| Авторски знак | Окр - О 47 |
| 245 10 - Сведения за заглавието | |
| Заглавие | Бюджет за приходите и разходите на Шуменския окръг за 1908 година |
| 257 ## - Страна на издаване | |
| Страна на създаване/издаване | България |
| 260 ## - Област на издателските данни | |
| Година на издаване | 1908 |
| 9 (RLIN) | 218278 |
| Място на издаване, разпространение и проч. | Шумен |
| Име на издателя, разпространителя и проч. | Окр. постоянна комис. |
| Печатница | (Шумен : Типогр. Сп. Попов) |
| 300 ## - Физическа характеристика | |
| Страници | 24 с. |
| Илюстрации и др. | с табл. |
| Размери/Мащаб | 32 см |
| 380 ## - Жанр | |
| Жанр | Обществени науки |
| 501 ## - Забележка „подвързано към” | |
| Забележка: Подвързано към... | Подв. към Бюджет за приходите и разходите на Шуменския окръг за 1905 |
| 650 #0 - Допълнително описание по предмет – тема | |
| 9 (RLIN) | 286812 |
| Основно описание – тема или топоним | Бюджети - на общините |
| 852 ## - Местоположение | |
| Форматна сигнатура | Цб ІІ 5469 |
| 856 4# - Електронен адрес и достъп | |
| Електронен формат | pdf - файл |
| 856 4# - Електронен адрес и достъп | |
| Електронен формат | pdf - файл |
| 999 ## - СИСТЕМНИ КОНТРОЛНИ НОМЕРА | |
| Koha biblionumber | 160244 |
| Koha biblioitemnumber | 160244 |
| 942 ## - АРТИКУЛИ | |
| Вид на библиотечния материал | Книги |
| Скрит в OPAC | Не |
| 944 ## - СЪЗДАВАНЕ И РЕДАКЦИЯ на ЗАПИСА | |
| Създаване/Редакция | Създаване |
| Дата на регистрацията/редакция | 20.11.2014 |
| Служител, извършил регистрацията/редакцията | Виолета_Тройчева |
| 944 ## - СЪЗДАВАНЕ И РЕДАКЦИЯ на ЗАПИСА | |
| Създаване/Редакция | Редакция |
| Дата на регистрацията/редакция | 24.11.2014 |
| Служител, извършил регистрацията/редакцията | Геновева Генчева |
| 999 ## - СИСТЕМНИ КОНТРОЛНИ НОМЕРА | |
| Koha biblioitemnumber | 160244 |
| 999 ## - СИСТЕМНИ КОНТРОЛНИ НОМЕРА | |
| Koha biblioitemnumber | 160244 |
| 999 ## - СИСТЕМНИ КОНТРОЛНИ НОМЕРА | |
| Koha biblioitemnumber | 160244 |
| Код за отписване | Код за изгубен артикул | Източник на класификационната схема | Код за повреда | Коз за рестрикции | Код за отдаване | Артикулен № | Име на библиотеката - собственик | Име на библиотеката, в която се намира в момента | Статус (Текущо местоположение) | Дата на вписване в системата | Местоположение - отдел | Цена в лева | Инвентарен номер | Систематично азбучна сигнатура | Баркод | Номер на екземпляра | Цена в евро | Служебна бележка | Служебен тип на артикула |
|---|---|---|---|---|---|---|---|---|---|---|---|---|---|---|---|---|---|---|---|
| Не е изгубен | Universal Decimal Classification | Не е повреден | само за читалня | ползва се в читалня | 267808 | Регионална библиотека "Любен Каравелов" Русе | Регионална библиотека "Любен Каравелов" Русе | Основен фонд - ползва се само за читалня | 2014-11-22 | Хранилище | 5.00 | 120000782526 | Цб ІІ 5469 | 120000782526 | 1 | 2.56 | Дост: DA Вид: А N: 29 Дата: 22.11.2014 Дата инв: 15.12.2016 Бележки инв: К2016 | Книги |